000 00609nam a2200205Ia 4500
008 220216s9999 xx 000 0 und d
100 _aNair N U
245 0 _aClonal variation in lipid composition in the latex of Hevea brasiliensis and its implication in latex production
260 _bIndian Journal of Natural Rubber Research
_c1993
300 _a143-145
650 _aHevea brasiliensis
650 _aLatex production
650 _aLipid composition
700 _aGeorge P J
700 _aSimon S P
700 _aSreelatha S
700 _aThomas M
700 _aVijayakumar K R
942 _cJS
999 _c55745
_d55745